Mindentudó lexikon : A-Z-ig : festészet, irodalom, tudomány, történelem, építészet, közgazdaság, vallás, biológia, technika /

Uložené v:
Podrobná bibliografia
Hlavný autor: Csiffáry, Tamás (Author)
Médium: Kniha
Jazyk:Hungarian
Vydané: Budapest : Fix Term, 2004
Vydanie:1. kiad.
Témy:
ISBN: 9638653671 (viaz.)
Fyzický popis: 767 s. ; 21 cm
Tagy: Pridať tag
Žiadne tagy, Buďte prvý kto otaguje tento záznam!

MARC

LEADER 00000nam a2200000 a 4500
001 000257549
005 20061108072536.0
008 060623s2004 hu e e 000 0 huno
020 |a 9638653671 (viaz.) 
040 |a SVKKK  |b slo  |c SVKKK  |e AACR2 
041 0 |a hun 
044 |a hu  |c HU 
072 7 |a 030  |x Všeobecné príručkové diela  |2 konspekt 
080 |a 030  |2 1997 
080 |a (031)  |2 1997 
100 1 |a Csiffáry, Tamás  |4 aut 
245 1 0 |a Mindentudó lexikon :  |b A-Z-ig : festészet, irodalom, tudomány, történelem, építészet, közgazdaság, vallás, biológia, technika /  |c CsifáryTamás 
250 |a 1. kiad. 
260 |a Budapest :  |b Fix Term,  |c 2004 
300 |a 767 s. ;  |c 21 cm 
655 7 |a encyklopédie  |2 SVKKKPH 
919 |a 963-86536-7-1 
998 |a BK 
090 |g SCKHL  |k Sklad Pribinova prízemie  |a IV.196411  |j 979568  |i 2720080656  |s Absenčne